| 000 | 01363nam a2200313 4500 | ||
|---|---|---|---|
| 001 | 113377 | ||
| 003 | DR-UNIBE | ||
| 005 | 20250326140314.0 | ||
| 008 | 250325b2025 ii ||||| |||| 00| 1 eng d | ||
| 020 | _a9789367197240 | ||
| 040 |
_aBIBLIOTECA UNIBE _bspa _cBIBLIOTECA UNIBE _erda |
||
| 041 | _aeng | ||
| 090 | _aFBIU-NBT CI A629u | ||
| 100 | 1 | 0 |
_aAntigua, Kianny N., _d1979- _939277 _eautor |
| 245 | 1 | 0 |
_aUpside Down / _cKianny N. Antigua ; traducción de español a inglés: Keiselim A. Montas; traducción de inglés a hindi: Vijaya Venkataraman ; ilustraciones: José Amado Polanco |
| 246 | _aAl revés | ||
| 250 | _aPrimera edición | ||
| 260 |
_aNew Delhi : _bNational Book Truts, _c2025 |
||
| 300 |
_a27 páginas : _bilustraciones a color ; _c19 x 13 cm |
||
| 500 | _aTexto en inglés e hindi. Comentario de la obra, datos del autor y traductores en la contraportada. Al final del cuento se enumeran los deberes fundamentales de la India del artículo 51A. | ||
| 505 | _aPara niños de 8 a 10 años | ||
| 653 | 7 | _aCuentos infantiles dominicanos | |
| 653 | 7 | _aImaginación - Cuentos infantiles dominicanos | |
| 653 | 7 | _aLiteratura infantil dominicana | |
| 700 |
_aMontás, Keiselim A. _9151226 _etraductor |
||
| 700 |
_aVenkataraman, Vijaya _9193474 _etraductor |
||
| 700 |
_aPolanco, José Amado _953388 _eilustrador |
||
| 942 |
_2ddc _cBK |
||
| 999 |
_c113377 _d113377 |
||